000 00637nam a2200193Ii 4500
003 JO-AjNU
008 230605s9999||||xx |||||||||||||| ||und||
040 _aJO-AjNU
_bara
_erda
_cJO-AjNU
041 _aara
050 1 4 _aHG1607.A7.A2223 2008
100 3 _aعبد المجيد، عبدالمطلب,
_eauthor
_932532
245 0 0 _aالبنوك الشاملة عملياتها واداراتها
264 3 1 _aالاسكندرية: الدار الجامعية، 2008
300 _a396ص
336 _atext
_btxt
_2rdacontent
337 _aunmediated
_bn
_2rdamedia
338 _avolume
_bnc
_2rdacarrier
650 4 _aالبنوك
_932533
999 _aA13144
_c16712
_d16712